000 00777cam a22002777a 4500
003 CHAP
005 20220817051940.0
008 971013s1977 r 00010 d
010 _a10850
011 _a11822
035 _a11238
040 _cCHAP
082 _a944.08
_bM3Y
100 0 0 _aMarx, Karl.
_972726
245 1 3 _aLa guerra civil en Francia
260 _aMoscĂș :
_bProgreso,
_c1977
300 _a117 p.
590 _aBATCH-UPD
_b10
_c20130110
_lUCH01
_h0223
590 _aBATCH-UPD
_b10
_c20130110
_lUCH01
_h1550
590 _aCONVERSION
_b10
_c20130109
_lUCH01
_h1307
650 1 4 _aFrancia
_xHistoria.
_942909
650 1 4 _aGuerra Franco
_xAlemana,
_y1870-1871.
_951126
901 _aBK
942 _cLIBRO
949 _a944.08 M3Y
_bBC
_cLIBRO
_d-23311
_eLIBRO
_i11238
_si
999 _c10850
_d10850